| 000 | 00456nam a22001697a 4500 | ||
|---|---|---|---|
| 005 | 20180613145129.0 | ||
| 008 | 160430b xxu||||| |||| 00| 0 eng d | ||
| 020 | _a81-203-2690-5 | ||
| 041 | _aeng | ||
| 082 |
_b1035 _a657 |
||
| 100 |
_aBodhanwala J. Ruzbeh. _94355 |
||
| 245 | _aUnder standing and analysing Balancesheet using excel worksheet. | ||
| 260 |
_aDelhi _bPrectice hall India, _c2004 |
||
| 300 | _a237 | ||
| 650 |
_aManagement _9241 |
||
| 942 | _cBK | ||
| 999 |
_c373 _d373 |
||